000 00405nam a2200157Ia 4500
008 221030s9999 xx 000 0 und d
041 _aEnglish
082 _a105.23
_bGup
100 _aR. K. Gupta
245 0 _aDifferential Equations
_cby R. K. Gupta, J. N. Sharma
260 _bKrishna Prakashan
_aNew Delhi
_c2001
300 _a580
650 _aBE Mathematics
700 _aJ. N. Sharma
942 _cBK
999 _c7563
_d7563